Títulos del Atlético de Madrid - Estadísticas

Estadísticas generales
  • Esta prueba ha sido intentada 191 veces
  • La puntuación promedio es 27 de 31
Estadísticas de respuestas
Liga Española % Correcto
2021
99%
2014
98%
1996
96%
2012
96%
2012
96%
2013
96%
2018
96%
2002
95%
2010
93%
2018
92%
2010
91%
1992
89%
1991
87%
2014
87%
1975
85%
1985
85%
1985
85%
1961
83%
1970
83%
1973
83%
1976
83%
1950
82%
1965
82%
1951
81%
1962
81%
1966
81%
1977
81%
1960
80%
1972
80%
1941
79%
1940
77%
No se encontraron pruebas coincidentes
Distribución de puntuación
Porcentaje de gente con cada puntuación
Porcentaje por número respondido
Historial de tus puntuaciones
No has intentado esta prueba.